Online
Catalog

Creative Canada : (Record no. 1293)

MARC details
000 -CABECERA
campo de control de longitud fija 00964cam a2200205 a 4500
001 - NÚMERO DE CONTROL
campo de control 000001367
005 - FECHA Y HORA DE LA ÚLTIMA TRANSACCIÓN
campo de control 20200929145545.0
008 - DATOS DE LONGITUD FIJA--INFORMACIÓN GENERAL
campo de control de longitud fija 720306s1971 xxc d 000 0ceng d
020 ## - NÚMERO INTERNACIONAL ESTÁNDAR DEL LIBRO
Número Internacional Estándar del Libro 0802032621 (v. 1)
040 ## - FUENTE DE LA CATALOGACIÓN
Centro catalogador/agencia de origen DO-SdBNP
Lengua de catalogación spa
Centro/agencia transcriptor BNPHU
082 ## - NÚMERO DE LA CLASIFICACIÓN DECIMAL DEWEY
Número de clasificación 790.0971
Número de documento/Ítem C912
245 00 - MENCIÓN DE TÍTULO
Título Creative Canada :
Resto del título a biographical dictionary of twentieth-century creative and performing artists /
Mención de responsabilidad, etc. compilación División de Referencia, Biblioteca McPherson, de la Universidad de Victoria ; prólogo Helen McGregor Rodney.
260 ## - PUBLICACIÓN, DISTRIBUCIÓN, ETC.
Lugar de publicación, distribución, etc. [Toronto] :
Nombre del editor, distribuidor, etc. McPherson Biblioteca de la Universidad de Victoria, Universidad de Toronto,
Fecha de publicación, distribución, etc. 1971.
300 ## - DESCRIPCIÓN FÍSICA
Extensión v. ;
Dimensiones 26 cm.
500 ## - NOTA GENERAL
Nota general La biblioteca sólo posee el volumen 1.
650 #4 - PUNTO DE ACCESO ADICIONAL DE MATERIA--TÉRMINO DE MATERIA
Término de materia o nombre geográfico como elemento de entrada Artisas
Subdivisión geográfica Canadá
Subdivisión general Biografía
-- Dictionarios
9 (RLIN) 4583
650 #4 - PUNTO DE ACCESO ADICIONAL DE MATERIA--TÉRMINO DE MATERIA
Término de materia o nombre geográfico como elemento de entrada Artes
Subdivisión geográfica Canadá
Subdivisión general Biografía
-- Dictionarios.
9 (RLIN) 4584
700 1# - PUNTO DE ACCESO ADICIONAL--NOMBRE DE PERSONA
Nombre de persona McGregor Rodney, Helen,
Término indicativo de función/relación pról.
9 (RLIN) 4585
710 1# - PUNTO DE ACCESO ADICIONAL--NOMBRE DE ENTIDAD CORPORATIVA
Nombre de entidad corporativa o nombre de jurisdicción como elemento de entrada University of Victoria (B.C.).
Unidad subordinada Library.
-- Reference Division.
9 (RLIN) 4586
Holdings
Estado de retiro Estado de pérdida Restricciones de uso No para préstamo Código de colección Localización permanente Ubicación/localización actual Ubicación en estantería Fecha de adquisición Número de inventario Total de préstamos Signatura topográfica completa Código de barras Fecha visto por última vez Precio válido a partir de Tipo de ítem Koha
        Monografías: Libros y Folletos General General Depósito 04.09.2009 LF1   790.0971 C912 1367-10 25.06.2020 25.06.2020 Préstamo en sala

Powered by Koha